| 000 | 00379 a2200145 4500 | ||
|---|---|---|---|
| 020 | _a9695191223 | ||
| 082 | _a297.22 | ||
| 090 |
_c6039 _d6039 |
||
| 100 | _aIzutsu,Toshihiko. | ||
| 245 |
_aThe Concept of Belief in Islamic Theology. _cToshihiko Izutsu. |
||
| 260 |
_aLahore. _bSuhail Academy. _c2005. |
||
| 300 | _a250p. | ||
| 500 | _aHardcover. | ||
| 942 |
_aNBS _cBK _k297.22 IZU |
||
| 999 |
_c348428 _d348428 |
||